| 000 -LEADER |
| fixed length control field |
nam a22 a 4500 |
| 003 - CONTROL NUMBER IDENTIFIER |
| control field |
AKMAL |
| 005 - DATE AND TIME OF LATEST TRANSACTION |
| control field |
20170509110858.0 |
| 008 - FIXED-LENGTH DATA ELEMENTS--GENERAL INFORMATION |
| fixed length control field |
170509s1989 my | e | 000 0 ind d |
| 020 ## - INTERNATIONAL STANDARD BOOK NUMBER |
| International Standard Book Number |
9839581503 (jil. 1) |
| 020 ## - INTERNATIONAL STANDARD BOOK NUMBER |
| International Standard Book Number |
9839581511 (jil. 2) |
| 020 ## - INTERNATIONAL STANDARD BOOK NUMBER |
| International Standard Book Number |
983958152X (jil. 3) |
| 020 ## - INTERNATIONAL STANDARD BOOK NUMBER |
| International Standard Book Number |
9839581538 (jil. 4) |
| 020 ## - INTERNATIONAL STANDARD BOOK NUMBER |
| International Standard Book Number |
9839581546 (jil. 5) |
| 020 ## - INTERNATIONAL STANDARD BOOK NUMBER |
| International Standard Book Number |
9839581554 (jil. 6) |
| 020 ## - INTERNATIONAL STANDARD BOOK NUMBER |
| International Standard Book Number |
9839581562 (jil. 7) |
| 020 ## - INTERNATIONAL STANDARD BOOK NUMBER |
| International Standard Book Number |
9839581570 (jil. 8) |
| 020 ## - INTERNATIONAL STANDARD BOOK NUMBER |
| International Standard Book Number |
9839581589 (jil. 9) : |
| Terms of availability |
RM 125.00 satu set |
| 040 ## - CATALOGING SOURCE |
| Original cataloging agency |
AKMAL |
| 082 04 - DEWEY DECIMAL CLASSIFICATION NUMBER |
| Classification number |
297.7 ISM |
| 090 00 - LOCALLY ASSIGNED LC-TYPE CALL NUMBER (OCLC); LOCAL CALL NUMBER (RLIN) |
| Classification number (OCLC) (R) ; Classification number, CALL (RLIN) (NR) |
297.7 |
| Local cutter number (OCLC) ; Book number/undivided call number, CALL (RLIN) |
ISM |
| 100 1# - MAIN ENTRY--PERSONAL NAME |
| Personal name |
Shafi'i, Muhammad Ibn Idris, |
| Dates associated with a name |
767 or 768-820 |
| 9 (RLIN) |
1736 |
| 240 10 - UNIFORM TITLE |
| Uniform title |
Umm. |
| Language of a work |
Indonesian |
| 245 13 - TITLE STATEMENT |
| Title |
al-Umm / |
| Statement of responsibility, etc. |
li-Abi Abd Allah Muḥammad ibn Idris al-Shafii = al-Umm (kitab induk) / karangan al-Imam-Asy-Syafii ; terjemahan Tk. H. Ismail Yakub |
| 260 ## - PUBLICATION, DISTRIBUTION, ETC. |
| Place of publication, distribution, etc. |
Kuala Lumpur : |
| Name of publisher, distributor, etc. |
Victory Agencie, |
| Date of publication, distribution, etc. |
1989 |
| 300 ## - PHYSICAL DESCRIPTION |
| Extent |
9 jil. (mukasurat pelbagai) ; |
| Dimensions |
22cm. |
| 500 ## - GENERAL NOTE |
| General note |
Mengandungi ayat-ayat dari Quran |
| 650 10 - SUBJECT ADDED ENTRY--TOPICAL TERM |
| Topical term or geographic name entry element |
Islamic law |
| 9 (RLIN) |
1728 |
| 650 20 - SUBJECT ADDED ENTRY--TOPICAL TERM |
| Topical term or geographic name entry element |
Shafiites |
| 9 (RLIN) |
2022 |
| 650 20 - SUBJECT ADDED ENTRY--TOPICAL TERM |
| Topical term or geographic name entry element |
Islam |
| General subdivision |
Customs and practices |
| 9 (RLIN) |
1330 |
| 700 1# - ADDED ENTRY--PERSONAL NAME |
| Personal name |
Yakub, Ismail |
| 9 (RLIN) |
2625 |
| 942 ## - ADDED ENTRY ELEMENTS (KOHA) |
| Source of classification or shelving scheme |
|
| Koha item type |
Book |